Strategic Foundations of General Equilibrium : (Record no. 615374)

MARC details
000 -LEADER
fixed length control field 00537nam a2200193 a 4500
008 - FIXED-LENGTH DATA ELEMENTS--GENERAL INFORMATION
fixed length control field 260221s2000##################000#0#eng##
020 ## - INTERNATIONAL STANDARD BOOK NUMBER
ISBN 9780521644105
082 04 - DEWEY DECIMAL CLASSIFICATION NUMBER
Classification number 338.6048
Item number GAL
100 1# - MAIN ENTRY--AUTHOR NAME
Personal name Gale, Douglas,
245 10 - TITLE STATEMENT
Title Strategic Foundations of General Equilibrium :
260 ## - PUBLICATION, DISTRIBUTION, ETC. (IMPRINT)
Name of publisher Cambridge University Press,
Year of publication 2000.
300 ## - PHYSICAL DESCRIPTION
Number of Pages 236 pages
650 #0 - SUBJECT ADDED ENTRY--TOPICAL TERM
Topical Term Business & Economics.
942 ## - ADDED ENTRY ELEMENTS (KOHA)
Koha item type English Books
Holdings
Withdrawn status Lost status Damaged status Not for loan Home library Current library Shelving location Date acquired Full call number Accession Number Price effective from Koha item type
        Anna Centenary Library Anna Centenary Library 4TH FLOOR, A WING 21.02.2026 338.6048 GAL 97542 21.02.2026 English Books

Find us on the map